Представление документа в формате RUSMARC

ПолеНазваниеЗначение
  Тип записи a
  Библиографический уровень m
001 Контрольный номер 41cc6b57f0464f48873691beaa3f3e7a
005 Дата корректировки 20191211141057.0
010 Индекс ISBN __
a ISBN 978-5-394-03039-0
100 Данные общей обработки __
a Данные общей обработки 20140429d2012 |||y0rusy50 ca
101 Язык документа 0_
a Язык текста rus
102 Страна публикации __
a Страна публикации RU
200 Заглавие и сведения об ответственности 1_
a Заглавие Цифровое будущее или экономика счастья?
b Общее обозначение материала Текст
f Первые сведения об ответственности А. В. Черновалов, З. Цекановский, З. Шиманьский, П. А. Черновалов
210 Выходные данные 1_
a Место издания Москва
c Издательство Дашков и К
d Дата издания 2018
215 Физическое описание __
a Объем 218 с.
330 Аннотация __
a Аннотация В книге рассматриваются методологические проблемы экономических исследований. Анализируются либеральная экономическая политика свободного денежного товарообмена и перспективные инструменты будущей политики цифровой экономики. Выясняется, будет ли эта экономика экономикой счастья. Рассматриваются результаты экономического развития стран, жители которых ориентированы на групповое поведение. Рассматриваются методы трансформации существующей экономики в цифровую, оцениваются их нравственные характеристики. Предлагаются новые институты и экономические инструменты обеспечения экономической политики развития. Для руководителей госучреждений и предприятий, менеджеров, судей, практикующих экономистов и юристов. Книга может быть использована при организации учебного процесса в вузах, а также при повышении квалификации специалистов.
610 Ключевые слова 0_
a Ключевые слова теоретическая экономика
610 Ключевые слова 0_
a Ключевые слова экономика счастья
610 Ключевые слова 0_
a Ключевые слова цифровая модель экономики
610 Ключевые слова 0_
a Ключевые слова экономическая политика развития
610 Ключевые слова 0_
a Ключевые слова краудэкономика
610 Ключевые слова 0_
a Ключевые слова научное издание
610 Ключевые слова 0_
a Ключевые слова экономическая теория
a Ключевые слова криптовалюты
a Ключевые слова институты
686 Индексы других классификаций __
a Классификационный индекс 65.01
686 Индексы других классификаций __
a Классификационный индекс 60.561.2
686 Индексы других классификаций __
a Классификационный индекс 65.9(2)-98
701 Альтернативная интеллектуальная ответственность _1
a Фамилия Черновалов
b Имя А. В.
e Роль лиц Автор
4 Код отношения 070
701 Альтернативная интеллектуальная ответственность _1
a Фамилия Цекановский
b Имя З.
e Роль лиц Автор
4 Код отношения 070
701 Альтернативная интеллектуальная ответственность _1
a Фамилия Шиманьский
b Имя З.
e Роль лиц Автор
4 Код отношения 070
701 Альтернативная интеллектуальная ответственность _1
a Фамилия Черновалов
b Имя П. А.
e Роль лиц Автор
4 Код отношения 070
801 Источник записи _0
a Страна RU
b Организация РУК
c Дата составления 20191211
g Правила каталогизации rusmarc
852 Данные о местонахождении __
i Авторский знак Ц 75
j Шифр хранения ББК 65.01
901 Тип документа __
t Тип документа m
937 Технологическая информация __
a Создатель записи (имя) Мясникова
938 Служебная информация __
a Название организации Головной вуз